[Event "Montreal 4th"]
[Site "Montreal"]
[Date "2003.08.02"]
[Round "10"]
[White "Rozentalis, Eduardas"]
[Black "Bluvshtein, Mark"]
[Result "1-0"]
[WhiteElo "2586"]
[BlackElo "2447"]
[Annotator "Psakhis,L"]
[PlyCount "65"]
[EventDate "2003.07.23"]
[EventType "tourn"]
[EventRounds "11"]
[EventCountry "CAN"]
[EventCategory "11"]
[SourceTitle "CBM 097"]
[Source "ChessBase"]
[SourceDate "2003.11.11"]
[SourceVersion "1"]
[SourceVersionDate "2003.11.11"]
[SourceQuality "1"]

1. e4 c5 2. Nf3 d6 3. Bb5+ Nc6 4. O-O Bd7 5. Re1 Nf6 6. c4 {Very rare move, as
usual White played} (6. c3 a6 7. Bf1 ({or} 7. Ba4 $5)) (6. b3 a6 7. Bf1 Bg4 8.
d3 e6 9. h3 Bh5 10. Bb2 Be7 11. Nbd2 O-O 12. g3 Nd7 13. Bg2 Bf6 14. c3 b5 $13 {
0-1 Blatny,P-Babula,V/CZE t-ch 1998 (49)}) 6... Ne5 $146 (6... g6 7. Nc3 Bg7 8.
Bxc6 (8. d4 cxd4 9. Nxd4 O-O 10. Nxc6 bxc6 11. Ba4 Ng4 $5 $13 {Lipiniks,
L-Liascovich,L/Buenos Aires ITT Torre Blanca 2002/ /1/2-1/2 (51)}) 8... Bxc6 9.
d4 cxd4 10. Nxd4 Rc8 11. b3 O-O 12. Bb2 a6 13. Qd3 Nd7 14. Rad1 Qa5 15. Qg3 Kh8
16. Nd5 $36 {1-0 Georgiev,K-Atakisi,U/Antalya 2001/T (42)}) 7. Bxd7+ Qxd7 ({
Worth considering} 7... Nfxd7 $5) 8. d3 Qg4 $5 (8... Nxf3+ 9. Qxf3 Qg4 10. Qe3
$5 $14) 9. Nc3 ({Black has nothing to worry about in the case of} 9. Nxe5 Qxd1
10. Rxd1 dxe5 11. Be3 e6 $11) 9... Nxf3+ 10. Qxf3 Qxf3 11. gxf3 e6 (11... g6
12. Bg5 $5 Bg7 $140 13. Bxf6 Bxf6 14. Nd5 $14) 12. Be3 Be7 13. d4 cxd4 (13...
a6 $5) 14. Bxd4 O-O 15. Rad1 a6 16. a4 $1 {[%csl Gd4,Rd6] Rozentalis got small,
but stable avantage.. Maybe with correct play Black can hold it, but the
defence is not easy} (16. Bxf6 Bxf6 17. Rxd6 Bxc3 18. bxc3 Rac8 $11) 16... Nd7
17. b3 Rac8 (17... Nc5 18. Bxc5 dxc5 19. Rd7 Rfe8 20. e5 $5 $14 (20. Rxb7 Rab8
21. Rxb8 Rxb8 22. Rb1 g5 $1 $44)) 18. f4 Rfd8 ({I don't think, that} 18... Nc5
$5 19. Bxc5 Rxc5 20. f5 $5 g6 $13 {is too dangerose for black}) 19. Re2 Kf8 (
19... Nc5 20. Rb2 $1) 20. f5 $1 Nc5 21. Rb2 Bf6 {Black hurries to exchange the
strong Bishop on d4} (21... Nd7 $5 {[%cal Ge7f6]}) 22. Bxf6 gxf6 23. f3 (23. a5
$5) 23... Ke7 24. Kf2 $14 {Despite the simplifications Black still hasn't
solved the problems completely and has to work hard to hold balance.} Rg8 25.
Ke3 Nd7 26. Rbd2 Rc6 27. fxe6 (27. f4 $5) 27... fxe6 28. Ne2 Nc5 29. Nd4 Rcc8
$2 ({The lesser evil for Black was} 29... Rb6 $142 $1 30. a5 Rb4 31. Rb1 Kd7
32. Rdb2 b6 33. Nc2 (33. axb6 a5 $1) 33... bxa5 34. Nxb4 axb4 $14 {[%csl Ga6,
Gb4,Gc5]}) 30. a5 $1 Rg5 (30... f5 $5 31. b4 (31. exf5 e5 $1) 31... f4+ (31...
Nd7 32. c5 $1 $16) 32. Kf2 Na4 33. Rc2 {[%csl Ra4]}) 31. f4 $6 {White has
played vigorously and has obtained an almost winning position,but this move I
don't like} (31. b4 $142 $1 Nxe4 (31... Nd7 32. Nxe6 $18) 32. fxe4 Rxc4 33. Nf3
$18) 31... Rh5 32. Rg1 Rf8 $2 (32... f5 $1 33. exf5 e5 $1 34. fxe5 dxe5 35. Nf3
Nxb3 36. Rd5 $14) 33. b4 (33. b4 Nd7 34. Nf3 $18 {[%cal Rg1g7,Rg1d1]}) 1-0

[Event "EU-chT (Men) 15th"]
[Site "Gothenburg"]
[Date "2005.08.01"]
[Round "3.4"]
[White "Fressinet, Laurent"]
[Black "Timofeev, Artyom"]
[Result "1-0"]
[WhiteElo "2627"]
[BlackElo "2661"]
[Annotator "Psakhis,L"]
[PlyCount "79"]
[EventDate "2005.07.30"]
[EventType "team-swiss"]
[EventRounds "9"]
[EventCountry "SWE"]
[SourceTitle "CBM 109"]
[Source "ChessBase"]
[SourceDate "2005.11.14"]
[SourceVersion "1"]
[SourceVersionDate "2005.11.14"]
[SourceQuality "1"]
[WhiteTeam "France"]
[BlackTeam "Russia"]
[WhiteTeamCountry "FRA"]
[BlackTeamCountry "RUS"]

1. e4 c5 2. Nf3 Nc6 3. Bb5 d6 4. O-O Bd7 5. Re1 Nf6 6. c3 a6 7. Ba4 e5 (7... b5
8. Bc2 {Psakhis,Notkin: After the more common move} e5 {Psakhis,Notkin: 'White
may play prophylactic'} (8... Rc8 {I don't like this move, Black is not
developed enough to spend a tempo just for nothing 'A novelty which judging by
the opening results is a loss of an important tempo.'} 9. a4 {Logical play -
White is trying to break before Black completes his development. Yet, Black's
position is quite solid.} g6 (9... e5 {was still possible.}) 10. axb5 axb5 11.
d4 cxd4 ({After} 11... Bg4 12. dxc5 dxc5 13. Qe2 Qb6 14. Na3 c4 15. h3 $14 (15.
Be3 Qb7 16. Reb1 $1 {followed by b2-b3 White gets a serious initiative on the
queenside thanks to his advantage in development.})) 12. cxd4 Bg4 $6 {'?' One
more delay with development. 'One more delay with development - and Black
finds himself in trouble.'} ({Better was} 12... Bg7 {and if White replies like
in the game} 13. Nc3 (13. e5 {is not that dangerous because of} dxe5 14. dxe5
Ng4 15. Bf4 Qb6 16. Qd2 Rd8 $1 17. h3 $140 $2 Be6 18. Qe2 Bc4 $19 {[%csl Rf2]})
13... b4 14. Ne2 ({perhaps here} 14. Nd5 {is more promising but Black's
position is bearable anyway}) {then} 14... O-O {and Black is only slightly
worse.}) 13. Nc3 b4 {'[#]'} (13... Bxf3 14. gxf3 b4 15. Ba4 bxc3 16. d5 $36)
14. Ne2 $5 {'!' A very interesting move.The knight goes towards c6 and it's
not easy to parry this positional threat! 'A very good move in typical Adams'
style. The humble knight goes towards c6 and it's not easy to parry this
positional threat'} ({But apart from this move, Adams had another interesting
continuation:} 14. Nd5 Bg7 (14... Nxd5 15. exd5 Nb8 16. Ba4+ Bd7 (16... Nd7 17.
h3 {[%csl Re8]}) 17. Qb3 $36 {[%csl Rb4]}) 15. Ba4 (15. Bg5 $5) 15... O-O 16.
Bxc6 Rxc6 17. Qa4 $14) 14... Bg7 ({After} 14... d5 {White has the highly
unpleasant} 15. Ne5 $1 Nxe5 16. dxe5 Nxe4 17. f3 {'!'} (17. Be3 $1 {[%csl Rd5,
Re4][%cal Gf2f3,Gc2a4]}) 17... Rxc2 18. Qxc2 Qb6+ 19. Nd4 Qxd4+ 20. Be3 Qc4 21.
Ra8+ $18) 15. d5 Bxf3 ({After} 15... Ne5 16. Nxe5 dxe5 17. Ba4+ Bd7 18. Qd3 {
'the b4 pawn is weak'} (18. Ng3 {[%csl Rb4][%cal Gd1b3,Gc1d2] the b4 pawn is
weak}) 18... O-O 19. Bd2 $16 {[%csl Rb4,Rg7]}) 16. gxf3 Ne5 17. Ba4+ {White
plays very aggressively, hoping, that this is the most precise way to punish
Black for his opening strategy.} Nfd7 18. Nd4 {[%csl Rc6][%cal Gf3f4] 'Next
comes f3-f4 and Nc6. Kasimdzhanov takes a wise decision to send his king to a
safe place giving up the exchange '} O-O $5 19. f4 Nc4 {0-1 Adams,M (2731)
-Kasimdzhanov,R (2652)/FIDE-Wch k.o. Tripoli 2004/CBM 102/[Psakhis,Notkin] (60)
}) (8... Bg4 {is also playable with the possible continuation} 9. d3 (9. h3
Bxf3 10. Qxf3 g6 11. a4 {and despite his opponent's pair of bishops Black has
a solid position.}) 9... e6 10. Nbd2 Be7 11. h3 Bh5 12. Nf1 Nd7 13. Ng3 Bg6 14.
d4 cxd4 15. Nxd4 Nxd4 16. cxd4 O-O 17. Nf5 Rc8 18. Bd3 exf5 19. exf5 Bg5 20.
fxg6 hxg6 21. Bxg5 Qxg5 {1-0 Akopian,V-Moiseenko,A/Wch KO Tripoli 2004/ (66)})
9. h3 (9. d3 Be7 10. Nbd2 O-O 11. Nf1 Re8 12. Bg5 h6 13. Bh4 Be6 14. Ne3 Rc8
15. a4 Qb6 16. axb5 axb5 17. Bb3 Na5 18. Bxe6 fxe6 19. b4 cxb4 20. cxb4 Nc6 21.
Qb3 Kf7 22. Rec1 g6 {0-1 Klundt,K (2405)-Chandler,M (2505)/BL 99-2000 1999/
ChessBase (41)}) ({Psakhis,Notkin: and the straightforward} 9. d4 {Psakhis,
Notkin: 'where Black successfully fights for the central squares by'} cxd4 (
9... Qc7 10. d5 Nd8 11. Nbd2 g6 12. Nf1 Bg7 13. h3 Nb7 14. Be3 O-O 15. Qd2 c4
16. Bh6 Nc5 17. g4 Rfb8 18. Bxg7 Kxg7 19. Ng3 Ng8 {0-1 Dorawa,B-Uhlmann,W/
GDR-ch Zwickau 1955 (54)}) 10. cxd4 Bg4 11. Be3 (11. d5 Nd4 12. Bd3 Bxf3 13.
gxf3 Nd7 14. Be3 Qf6 15. Be2 Be7 16. Nc3 O-O 17. Kh1 Rfc8 18. Rg1 h6 19. Rc1
Nf8 20. f4 b4 {1/2-1/2 Magem Badals,J (2482)-Tiviakov,S (2608)/Istanbul olm
2000/The Week in Chess 313 (46)}) 11... exd4 12. Bxd4 Nxd4 13. Qxd4 Bxf3 14.
gxf3 Be7 15. Nc3 O-O 16. Rad1 Qc8 17. Bd3 Qh3 18. Qe3 b4 19. Bf1 Qe6 20. Ne2
Qxa2 21. Nd4 Qxb2 22. Nf5 Bd8 23. Rxd6 Bc7 24. Qg5 Ne8 25. Rxa6 Rxa6 26. Bxa6
Qf6 27. Qxf6 Nxf6 28. Ne7+ {1/2-1/2 Shabanov-Ruban/Kursk 1987/ChessBase}) (9.
a4 Be7 10. Na3 (10. axb5 axb5 11. Rxa8 Qxa8 12. Na3 Qb7 {1/2-1/2 Ye
Jiangchuan-Tiviakov,S/Beijing 1998 (12)}) 10... O-O 11. d3 $146 (11. d4 exd4
12. cxd4 Nb4 13. Bb1 bxa4 14. e5 dxe5 15. dxe5 Nfd5 16. Qe2 Bc6 17. Nc4 Rb8 18.
Ra3 Qc7 19. Bxh7+ Kxh7 20. Ng5+ Bxg5 21. Rh3+ Bh6 22. Bxh6 Rfe8 23. Bd2+ Kg8
24. Qh5 {1-0 Junior-Crafty/Internet 1995 (30)}) 11... Rb8 12. axb5 axb5 13. h3
Qc7 (13... h6 $5 $11) 14. Bg5 h6 15. Bxf6 {I was happy to exchange my bishop,
but} (15. Bh4 $5 {is not bad either}) 15... Bxf6 16. Bb3 {[%csl Gb3][%cal
Ga3c2,Gc2e3,Ge3g4]} Ne7 17. Nc2 Bc6 18. Ne3 {[%cal Ge3g4]} g6 (18... c4 19. Ba2
$5 (19. dxc4 Bxe4 20. Nd2 Ba8 21. Ng4 Bg5)) 19. h4 Bg7 $2 {A serious mistake.
After} (19... h5 $1 20. g4 $140 hxg4 21. Nxg4 Bg7 22. Ng5 c4 $5 {the position
is very complicated.}) 20. h5 g5 {[%csl Rg7]} 21. Nd2 Kh8 {[%cal Gf7f5]} 22. g4
$1 {[%cal Gd2f1,Gf1g3] 1-0 Psakhis,L (2599)-Gallagher,J (2558)/Pula zt 2000/
CBM 77/[Psakhis,L] (35)}) 9... Be7 (9... g6 10. d4 Bg7 11. dxc5 (11. Be3 cxd4
12. cxd4 exd4 13. Nxd4 O-O 14. Nc3 b4 15. Nxc6 Bxc6 16. Nd5 Nxd5 17. exd5 Bb5
18. Rb1 Re8 $11 {1/2-1/2 Zhang Zhong-Xu Jun/Shanghai Tan Chin Nam Cup 2001/ 
(49)}) 11... dxc5 12. Be3 Qe7 13. Nbd2 O-O 14. Nb3 c4 15. Bc5 Qd8 16. Nbd2 Re8
17. b3 cxb3 18. axb3 Bf8 19. Be3 h6 20. b4 a5 21. bxa5 Nxa5 {1/2-1/2 Al
Modiahki,M (2570)-Timofeev,A (2661)/Amsterdam ACT op 2005/The Week in Chess 559
}) (9... g5 10. d4 cxd4 11. Bxg5 Rg8 12. cxd4 Bxh3 13. gxh3 h6 14. dxe5 dxe5
15. Nc3 hxg5 16. Qxd8+ Rxd8 17. Nd5 Be7 18. a4 g4 19. hxg4 Nxg4 20. Kf1 Bc5 21.
axb5 axb5 22. Bd3 Nd4 23. Nxd4 Bxd4 24. Bxb5+ Kf8 25. Red1 Rb8 26. Ra5 Bxb2 27.
Bd7 {1/2-1/2 Manik,M-Zezulkin,J/Czech Extra League 2001/CA}) 10. d4 exd4 (10...
O-O 11. d5 (11. Be3 exd4 12. cxd4 Nb4 13. Nbd2 Nxc2 14. Qxc2 cxd4 15. Nxd4 Qc8
16. Qd3 Qb7 17. Bf4 Rfe8 18. Nf1 d5 19. e5 Ne4 {1/2-1/2 Lastin,A-Kotov,V/
Vladimir op-A 2004/ChessBase (39)}) 11... Na7 12. a4 Qb8 13. Nbd2 Nc8 14. Nf1
Re8 15. Ng3 h6 16. b3 Bf8 17. Nh2 Ne7 18. Ng4 Nxg4 19. hxg4 Ng6 20. Nf5 bxa4
21. bxa4 {1-0 Azarov,S (2432)-Van Delft,M (2323)/NED-ch B20 Hengelo 1999/
ChessBase (39)}) 11. cxd4 Nb4 12. Nc3 Nxc2 13. Qxc2 cxd4 14. Nxd4 Rc8 15. Qd3
O-O 16. Bf4 Qb6 17. Nf5 Bxf5 18. exf5 Qb7 19. Bg5 Rfe8 20. Re2 b4 21. Bxf6 Bxf6
22. Ne4 {0-1 Varavin,V (2510)-Dvoirys,S (2535)/Elista 1994/ChessBase (55)}) (
7... c4 {but I think that move in the text is enough for equality.}) 8. h3 (8.
d3 g6 9. Nbd2 Bg7 10. Nf1 O-O 11. Ng3 h6 12. h3 Qc7 13. Be3 b5 14. Bc2 Na5 15.
Qd2 Kh7 16. b4 cxb4 17. cxb4 Nc6 18. Rac1 a5 19. Bb1 Qb8 20. a3 axb4 21. axb4
Ra4 22. Ba2 Qa8 {Martens,M (2315)-Riemersma,L (2380)/Eindhoven 1989/ChessBase/
1-0 (38)}) (8. Bc2 Bg4 9. h3 Bh5 10. d3 Be7 11. Nbd2 O-O 12. Nf1 Re8 13. Ng3
Bg6 14. Nh4 d5 15. Qf3 dxe4 16. dxe4 c4 17. Nhf5 Bf8 18. Bg5 Re6 19. b4 Ne7 20.
h4 Qc7 21. Rad1 Bxf5 22. exf5 Rc6 {Markarov,A (2317)-Fazulyanov,S (2217)/St
Petersburg Chigorin mem 2001/The Week in Chess/1-0 (37)}) (8. d4 b5 (8... Qc7
9. dxc5 dxc5 10. Bg5 Be7 11. Nbd2 b5 12. Bc2 O-O 13. Nf1 Rad8 14. Ne3 Be6 15.
Qe2 Rfe8 16. a4 c4 17. axb5 axb5 18. Nf5 Bxf5 19. exf5 Nd7 20. Be4 Bxg5 21.
Nxg5 h6 22. Bxc6 Qxc6 23. Ne4 {1/2-1/2 Trifunovic,P-Nedeljkovic,S/YUG-ch
Ljubljana 1951/ChessBase (25)}) 9. dxe5 (9. Bb3 Be7 10. Bg5 O-O 11. dxe5 dxe5
12. Bxf6 Bxf6 13. Bd5 Qb6 14. Nbd2 Rad8 15. Bxc6 Bxc6 16. Qc2 c4 17. b3 Qc5 18.
a4 Bd7 19. Red1 cxb3 {1/2-1/2 Tkachenko,D (2220)-Taborov,B (2446)/Kiev
Independence Cup 2003/The Week in Chess 461 (38)}) 9... dxe5 10. Bc2 Be7 11.
Nbd2 O-O 12. a4 $5 Qc7 13. Nf1 Rad8 $6 (13... Rfd8 $143) 14. axb5 axb5 15. Ne3
(15. Qe2 $1 {Tseitlin}) 15... Be6 16. Qe2 c4 17. Nf5 $36 Bc5 18. Bg5 Bxf5 19.
Bxf6 gxf6 20. exf5 {1-0 Tseitlin,M-Jamieson,R/corr 1990/Megacorr (45)}) 8... c4
$146 {This is a dubious continuation after which Black is starting to
experience some problems. It was better to play} (8... Be7 9. d4 O-O ({RR} 9...
cxd4 10. cxd4 O-O 11. Nc3 b5 12. Bb3 Rc8 13. a4 b4 14. Nd5 Nxd5 15. Bxd5 Qc7
16. Be3 Qb8 17. dxe5 dxe5 18. Bxf7+ Rxf7 19. Qxd7 Bf6 20. Qe6 Qb7 21. Rac1 Ne7
22. Ng5 Bxg5 23. Bxg5 Nc6 24. Red1 {Patsuk,L-Shevtsov,P/RUS-Cup Tula 1999/
ChessBase/1-0}) 10. d5 Nb8 11. Bxd7 Nbxd7 12. Nbd2 h6 13. a4 Nh7 14. a5 Ng5 15.
Nc4 Nxf3+ 16. Qxf3 Nf6 17. Qd3 Nh7 18. Nb6 Rb8 19. b4 cxb4 20. cxb4 Nf6 21. Be3
Nd7 22. Rec1 Bg5 23. Bxg5 {De Poi,P (1940)-Saccone,F (2100)/Asiago 1993/
ChessBase/1/2-1/2 (45)}) 9. d4 cxd3 10. Bg5 $5 (10. Qxd3 h6 $5) 10... Be7 (
10... h6 11. Bxf6 Qxf6 12. Qxd3 Be7 13. Nbd2 $14) 11. Qxd3 Nh5 (11... O-O $6
12. Bxf6 Bxf6 13. Qxd6 $16) 12. Bxe7 (12. Be3 $14) 12... Nxe7 13. Bb3 $5 ({
I think that White correctly avoided the line} 13. Bxd7+ $143 Qxd7 14. Rd1 Rd8
$11) 13... Bb5 14. Qd1 Nf4 15. c4 (15. Na3 Bc6 (15... O-O 16. Nxb5 axb5 17. g3
$1 $36) 16. Nc4 Nc8 $8 17. g3 $5 $14) 15... Bc6 {It may seem that Black is OK ,
however White's next move proves that this statement is far from true!} 16. c5
$1 {Having a better development, White is entitled to open the position by
tactical means.} dxc5 (16... f6 $5 17. cxd6 Nc8 18. Nc3 (18. g3 Nxh3+ 19. Kg2
Ng5 20. Nxg5 fxg5 $13) 18... Nxd6 19. Ne2 $5 $36 {[%csl Gb3,Re8]}) 17. Nxe5
Qxd1 (17... O-O 18. Qc1 $1 {[%cal Gc1f4,Gc1c5]}) 18. Rxd1 {White has won the
opening battle. He has a development advantage and all his pieces are better
placed.} Rf8 (18... O-O 19. Nc3 $14) 19. Nc3 Rc8 $6 {After this move Black is
in serious troubles. He would have more chances for defence after} (19... f5
20. Rd6 $5 Bxe4 (20... fxe4 21. Nxc6 Nxc6 22. Nxe4 {[%csl Re8]}) 21. Ba4+ b5 (
21... Bc6 22. Bxc6+ Nxc6 23. Nxc6 bxc6 24. Re1+ Kf7 25. Re5 $16) 22. Nxb5 $1
Ned5 23. Na3+ (23. Nc7+ Ke7 24. Rd7+ Kf6 25. Nxa8 Kxe5 26. Bc6 $14) 23... Ke7
24. Nac4 $16 {but in any case White's advantage is out of question.}) (19... f6
20. Nxc6 Nxc6 21. Na4 {[%csl Rc5]}) (19... Rb8 $5 20. Nc4 $140 Nc8) 20. Nc4 $1
$18 {[%cal Rc4d6]} Rd8 (20... Neg6 21. Nd6+ Ke7 22. Nxc8+ Rxc8 23. Nd5+ $18)
21. Nd6+ Rxd6 (21... Kd7 22. Nxb7+ $18) 22. Rxd6 Nc8 23. Rd2 Nb6 (23... Ke7 24.
Bd5) 24. a4 (24. Kh2 $5 {[%cal Gg2g3]}) 24... a5 25. Re1 Ke7 26. g3 c4 (26...
Nxh3+ $2 27. Kg2 Ng5 28. Nd5+ Bxd5 29. exd5+ Kd6 30. f4 $18 {[%csl Rg5]}) 27.
Bc2 Ne6 (27... Ng6 28. f4) 28. Nd5+ Bxd5 29. exd5 ({Another promising
possibility was} 29. Rxd5 $5) 29... Rd8 30. Bxh7 (30. Re5 $5) (30. f4 $142 $5
Kf8 31. d6 $18) 30... Rxd5 31. Rxd5 Nxd5 32. Be4 Nb6 33. Bc2 (33. Bxb7 $6 Nxa4)
33... Kd6 34. h4 {[%csl Gg3,Gh4]} Nc5 35. Ra1 Nd5 (35... Ke5 $5 36. Kf1) 36.
Rd1 Kc6 (36... Ke6 37. Bf5+ $5) 37. Rd4 $18 Nb6 (37... c3 38. bxc3 Nxc3 39. Kf1
$18) 38. h5 Ne6 39. Rg4 {[%cal Rg4g7]} Kc5 40. Rxg7 $1 (40. Rxg7 Nxg7 41. h6 {
[%csl Gh6]}) 1-0

[Event "Moscow Aeroflot op-A"]
[Site "Moscow"]
[Date "2004.02.22"]
[Round "6"]
[White "Jakovenko, Dmitrij"]
[Black "Mamedov, Rauf"]
[Result "1-0"]
[WhiteElo "2581"]
[BlackElo "2468"]
[Annotator "Psakhis,L"]
[PlyCount "59"]
[EventDate "2004.02.17"]
[EventType "swiss"]
[EventRounds "9"]
[EventCountry "RUS"]
[SourceTitle "CBM 100"]
[Source "ChessBase"]
[SourceDate "2004.06.01"]
[SourceVersion "1"]
[SourceVersionDate "2004.06.01"]
[SourceQuality "1"]

1. e4 c5 2. Nf3 d6 3. Bb5+ Nd7 (3... Bd7 $5) 4. c3 Ngf6 5. Qe2 a6 6. Ba4 e6 (
6... e5 $5 7. O-O Be7 8. Rd1 O-O 9. d4 Qc7 10. Nbd2 b5 11. Bb3 cxd4 12. cxd4
Bb7 13. d5 Nc5 14. Bc2 Bc8 15. Nf1 Bd7 16. Ng3 g6 17. h3 Rfc8 18. Be3 Qb7 19.
Rac1 b4 $11 {0-1 Savic,M-Karavade,E/Wch G20 Goa 2002/ (46)}) ({Worth
considering} 6... b5 $5 7. Bc2 e5 8. d4 Be7 9. dxe5 dxe5 10. O-O O-O 11. Rd1
Qc7 12. a4 Rb8 13. Na3 c4 14. axb5 axb5 15. Bg5 Nc5 $15 {0-1 Pismennyy,
A-Yermolinsky,A/Foxwoods op 2003 (36)}) 7. O-O Be7 8. d4 O-O (8... cxd4 9. cxd4
O-O 10. Rd1 b5 11. Bc2 Bb7 12. Nbd2 Qc7 13. Nf1 Rfc8 14. Bd3 e5 15. Ng3 exd4
16. Nxd4 Bf8 17. Bg5 $14 {Vidovic,M-Jovanovic,Z/CRO-Cup Pula 2002/1/2-1/2 (55)}
) 9. Bc2 Re8 $146 (9... e5 10. a4 cxd4 11. cxd4 exd4 12. Nxd4 Re8 13. Nc3 Bf8
14. Be3 d5 15. exd5 Nb6 16. Bb3 Bg4 $11 {Shrentzel,I-Istratescu,A/Portoroz
Eurocup 1993/1/2-1/2 (34)}) 10. a4 cxd4 (10... e5 11. d5 $1 {[%cal Gb1a3]}) 11.
cxd4 e5 12. d5 $1 $14 Nf8 ({Maybe} 12... a5 $5 13. Nc3 Nc5 14. Be3 $36 {
was lesser evil for black.}) 13. Nfd2 (13. Be3 Ng6 14. a5 {[%csl Gb6]}) 13...
Ng6 (13... Bg4 14. f3 Bd7 15. Nc4 b5 $140 16. axb5 Bxb5 (16... axb5 17. Rxa8
Qxa8 18. Nb6 $14) 17. Nba3 $14) 14. Nc4 {[%csl Rb6] White is ready to exploit
the weak dark sqares in his opponent's camp} Bg4 (14... Nf4 15. Bxf4 exf4 16.
a5 Bg4 17. f3 Bd7 18. Nb6 Rb8 19. Nc3 $16) 15. f3 Bd7 16. Be3 {[%csl Rb6]} Nf4
17. Qd2 b5 {Making a pseudo-active move, Black weakens the queenside, but and
after} (17... Rb8 18. Nb6 N6h5 19. Nxd7 Qxd7 20. a5 $1 {[%cal Gc2a4] white's
advantage is obvious.}) 18. axb5 (18. Nb6 $5) 18... Bxb5 $6 {After move in the
text Black's position looks cheerless and it looks that he had to play now} (
18... axb5 $5 19. Rxa8 Qxa8 20. Nb6 Qa6 21. Nxd7 Nxd7 $14) 19. Nba3 $16 Qc7 (
19... Bd7 20. Nb6) 20. Nxb5 axb5 21. Na5 $1 {[%csl Gc6] White's chances are
better, thanks to a superior pawn structure and weaknesses in the black camp.}
Bf8 (21... Ne2+ 22. Kh1 Nh5 23. Nc6 $16) 22. g3 (22. Nc6 $16) 22... Ne2+ $8 (
22... Ng6 23. Bd3 $18 {[%csl Rb5]}) 23. Qxe2 (23. Kg2 Nd4 24. Bxd4 exd4 25. Nc6
$16) 23... Rxa5 24. Bd3 {[%csl Rb5] Black can't protect weak pawn b5 anymore
after this simple move} Rea8 (24... Rb8 25. Rfc1 Rxa1 (25... Qd8 26. b4) 26.
Rxa1 b4 27. Bb5 $18 {[%csl Rb4][%cal Ga1a7,Gb5c6]}) 25. Rxa5 Qxa5 26. Bxb5 Rb8
27. Bc6 $18 {Now White has a technically winning position.} Qa2 (27... Be7 $142
{[%cal Ge7d8,Gd8b6]}) 28. Rf2 Rb3 29. Kg2 Be7 30. Qc4 {[%cal Rc6a4]} (30. Qc4
Ra3 31. Qxa2 Rxa2 32. b4 $18) 1-0